Nútená migrácia ako dôsledok ozbrojených konfliktov - prípadová štúdia Afganistan

Analýza nútenej migrácie ako dôsledku ozbrojeného konfliktu v Afganistane, historický kontext s ozbrojeným konfliktom v roku 2001. Teoretický základ termínov ozbrojený konflikt a nútená migrácia v kontexte Afganistanu. Štatistický prehľad migračných tokov v skúmanom období a analýza potenciálnych fa...

ver descrição completa

Na minha lista:
Detalhes bibliográficos
Autor principal: Galanská, Nina
Formato: Capítulo de Livro
Idioma:eslovaco
Assuntos:
Tags: Adicionar Tag
Sem tags, seja o primeiro a adicionar uma tag!

MARC

LEADER 00000nla a2200000 4500
001 0199042
005 20240502073349.6
041 0 |a slo 
044 |a SK 
245 1 0 |a Nútená migrácia ako dôsledok ozbrojených konfliktov - prípadová štúdia Afganistan  |c Nina Galanská 
520 |a Analýza nútenej migrácie ako dôsledku ozbrojeného konfliktu v Afganistane, historický kontext s ozbrojeným konfliktom v roku 2001. Teoretický základ termínov ozbrojený konflikt a nútená migrácia v kontexte Afganistanu. Štatistický prehľad migračných tokov v skúmanom období a analýza potenciálnych faktorov vplývajúcich na nútenú migráciu z Afganistanu ako následku ozbrojeného konfliktu na danom území. Dôsledky a dopady nútenej migrácie z pohľadu migrujúcich osôb ako aj domovského a hostiteľských štátov. 
610 2 0 |a konflikty medzinárodné 
610 2 0 |a konflikty náboženské 
610 2 0 |a konflikty ozbrojené 
610 2 0 |a vojny 
610 2 0 |a migrácia 
610 2 0 |a utečenci 
610 2 0 |a vylúčenie sociálne 
610 2 0 |a Afganistan 
100 1 |a Galanská, Nina